اختلالات روانی کودکان : (Record no. 541866)
[ view plain ]
| 000 -LEADER | |
|---|---|
| fixed length control field | 01766nam a2200241 a 4500 |
| 003 - CONTROL NUMBER IDENTIFIER | |
| control field | AM-YEHGA |
| 005 - DATE AND TIME OF LATEST TRANSACTION | |
| control field | 20260403152020.0 |
| 008 - FIXED-LENGTH DATA ELEMENTS--GENERAL INFORMATION | |
| fixed length control field | 260305s1991 ir |||fr|||| 00||0 per d |
| 040 ## - CATALOGING SOURCE | |
| Original cataloging agency | AM-YEHGA |
| 041 1# - LANGUAGE CODE | |
| Language code of text/sound track or separate title | per |
| 001 - CONTROL NUMBER | |
| control field | 2052700 |
| 100 1# - MAIN ENTRY--PERSONAL NAME | |
| Personal name | راس، آلن اُ |
| Dates associated with a name | 1921-1993 |
| Titles and words associated with a name | (Alan O. Ross) |
| 245 10 - TITLE STATEMENT | |
| Title | اختلالات روانی کودکان : |
| Remainder of title | رویکردی رفتاری به نظریه ها، پژوهش و درمان / |
| Statement of responsibility, etc. | نوشتۀ پروفسور آلن. اُ. راس ; ترجمۀ دکتر امیرهوشنگ مهریار با همکاری فریده یوسفی. |
| 246 31 - VARYING FORM OF TITLE | |
| Title proper/short title | Children's mental disorders : |
| Remainder of title | A Behavioral approach to theories, research and treatment |
| 250 ## - EDITION STATEMENT | |
| Edition statement | چاپ اول |
| 260 ## - PUBLICATION, DISTRIBUTION, ETC. | |
| Place of publication, distribution, etc. | تهران : |
| Name of publisher, distributor, etc. | انتشارات رشد, |
| Date of publication, distribution, etc. | 1991 [1370]. |
| 300 ## - PHYSICAL DESCRIPTION | |
| Extent | 612 p. |
| 650 14 - SUBJECT ADDED ENTRY--TOPICAL TERM | |
| Topical term or geographic name entry element | Psychology |
| 650 14 - SUBJECT ADDED ENTRY--TOPICAL TERM | |
| Topical term or geographic name entry element | Child psychology |
| General subdivision | Theories, research and treatment |
| 700 1# - ADDED ENTRY--PERSONAL NAME | |
| Personal name | مهریار، امیرهوشنگ |
| Relationship | trl |
| 700 1# - ADDED ENTRY--PERSONAL NAME | |
| Personal name | یوسفی، فریده |
| 942 ## - ADDED ENTRY ELEMENTS (KOHA) | |
| Source of classification or shelving scheme | Universal Decimal Classification |
| Koha item type | Գրքեր / Books |
| Withdrawn status | Lost status | Source of classification or shelving scheme | Damaged status | Not for loan | Collection | Home library | Current library | Date acquired | Total checkouts | Full call number | Barcode | Date last seen | Price effective from | Koha item type | Public note |
|---|---|---|---|---|---|---|---|---|---|---|---|---|---|---|---|
| Universal Decimal Classification | Fundamental Scientific Library | Fundamental Scientific Library | 05/03/2026 | ԱՍՀ/232 | FL0704764 | 05/03/2026 | 05/03/2026 | Գրքեր / Books | ILL Non-Circ. |
ՀՀ Գիտությունների ազգային ակադեմիայի հիմնարար գիտական գրադարան = Fundamental Scientific Library of NAS RA
All site content, except where otherwise noted, is licensed under a